Twilight Characters by Quote Quiz Stats

 Plays Quiz Updated Sep 17, 2018

Challenge
Share
Tweet
Embed
Score 0/16 Timer 04:00
2 Plays Today
Quote Character % Correct
I doubted there were any etiquette books detailing how to dress when your vampire sweetheart takes you home to meet his vampire family.Bella Swan
89%
To me, it was like you were some kind of demon, summoned straight from my own personal hell to ruin me.Edward Cullen
88.7%
I'm sure he's a nice boy and all, but he looks too…mature for you.Charlie Swan
86.1%
We've sort of known each other since I was born.Jacob Black
84.5%
No, I prefer to referee - I like keeping them honest.Esme Cullen
80.5%
What is she to me? Except a menace - a danger you've chosen to inflict on all of us.Rosalie Hale
76.9%
Please don't take offense, but we'd appreciate it if you'd refrain from hunting in this immediate area. We have to stay inconspicuous, you understand.Carlisle Cullen
76.7%
He’s gorgeous, of course, but don’t waste your time. He doesn’t date. Apparently none of the girls here are good-looking enough for him.Jessica Stanley
67.9%
Quote Character % Correct
It sounded like you were having Bella for lunch, and we came to see if you would share.Alice Cullen
63.7%
I can feel what you’re feeling now — and you are worth it.Jasper Hale
61.6%
You seem…well informed about the Cullens. More informed than I expected.Billy Black
51.6%
If I were lucky enough to sit by you, I would have talked to you.Mike Newton
49.8%
You're simply a human, who unfortunately was in the wrong place, at the wrong time, and indisputably running with the wrong crowd, I might add.James
45.6%
Try to be more careful when you walk, honey, I don’t want to lose you.Renée Dwyer
41.2%
We just ate outside of Seattle, anyway.Laurent
40.5%
Until we know how far this is going to go, I'm with you.Emmett Cullen
40.2%

You're not logged in!

Compare scores with friends on all Sporcle quizzes.
OR
Log In

You Might Also Like...

Show Comments

Extras

Top Quizzes Today


Score Distribution

Your Account Isn't Verified!

In order to create a playlist on Sporcle, you need to verify the email address you used during registration. Go to your Sporcle Settings to finish the process.

Report this User

Report this user for behavior that violates our Community Guidelines.

Details: